Explaining and questioning (Record no. 176314)

000 -LEADER
fixed length control field 00323nam a2200121Ia 4500
008 - FIXED-LENGTH DATA ELEMENTS--GENERAL INFORMATION
fixed length control field 220217s9999||||xx |||||||||||||| ||und||
020 ## - INTERNATIONAL STANDARD BOOK NUMBER
International Standard Book Number 0-7487-6859-9
100 ## - MAIN ENTRY--PERSONAL NAME
Personal name Kerry, Trevor
9 (RLIN) 5392
245 #0 - TITLE STATEMENT
Title Explaining and questioning
260 ## - PUBLICATION, DISTRIBUTION, ETC.
Place of publication, distribution, etc. Nelson Thornes
Name of publisher, distributor, etc. New Delhi
Date of publication, distribution, etc. 2002
300 ## - PHYSICAL DESCRIPTION
Other physical details 250
650 ## - SUBJECT ADDED ENTRY--TOPICAL TERM
Topical term or geographic name entry element GENERAL BOOKS
Holdings
Withdrawn status Lost status Damaged status Not for loan Collection code Home library Current library Shelving location Date acquired Barcode Date last seen Price effective from Koha item type
        Computer Science and Engineering Central Library Central Library Book Cart 02/18/2022 11503 02/18/2022 02/18/2022 Books

Powered by Koha